00544nam a2200169Ia 4500008004100000020001500041041001200056082001600068100001300084245004700097260000600144300001000150650001900160942000700179999001500186952017300201221030s9999 xx 000 0 und d a8186555463 aEnglish a105.23bGup aM. Gupta 0aEngineeing Mathematics Vol. Icby M. Gupta c0 a12.44 aBE Mathematics cBK c2276d2276 pBE 1074g120.00h1l0o105.23 Gupr2024-06-13 00:00:00w2022-10-30yBK003Print4070aMIETLIBbMIETLIBcBL-Academic Block C, FL-2, CUP-6, SH-1, R-1d2000-02-1410HBE